000 00817nam a2200241Ia 4500
003 OSt
005 20220923211648.0
006 a|||||r|||| 00| 0
007 ta
008 220922b |||||||| |||| 00| 0 san d
024 _a41,630
037 _cTextual
040 _aARTS
_cARTS
_bsan
041 _2san
_asan
082 _aO15,1D40,3, 152M9;N2
100 _aकालीदास; गिरि, प्रहलाद, अनु.
_9161260
245 0 _aमेघदूतम
246 _aMeghadūtama
260 _aदिल्ली
_b भारतीय विद्या
_c1989
650 _aसंस्कृत साहित्य
942 _hO15,1D40,3, 152M9;N2
_cTEXL
_2CC
999 _c302339
_d302339